[Event "Osterskan op"]
[Site "Osterskan"]
[Date "1994.??.??"]
[Round "?"]
[White "De Firmian, Nick E"]
[Black "Minnullin, Albert"]
[Result "1-0"]
[WhiteElo "2565"]
[BlackElo "2280"]
[PlyCount "95"]
[EventDate "1994.??.??"]
[EventType "swiss"]
[EventRounds "7"]
[EventCountry "SWE"]
[SourceTitle "TD"]
[Source "ChessBase"]
[SourceDate "1994.03.01"]
[SourceVersion "1"]
[SourceVersionDate "1994.03.01"]
[SourceQuality "1"]

1. e4 d6 2. d4 Nf6 3. Nc3 e5 4. Nf3 Nbd7 5. Bc4 Be7 6. 0-0 c6 7. a4 Qc7 8. Re1 h6 9. h3 g5 10. Nh2 Nf8 11. Be3 Ng6 12. dxe5 dxe5 13. Ng4 Nh5 14. Ne2 Nhf4 15. Ng3 Be6 16. Bxe6 fxe6 17. Bxf4 Nxf4 18. Ne3 Rd8 19. Qf3 Kd7 20. Red1+ Kc8 21. Rxd8+ Rxd8 22. Rd1 Rf8 23. Nh5 Bc5 24. Nxf4 exf4 25. Nc4 Rd8 26. b3 b5 27. Nb2 Rxd1+ 28. Qxd1 Qd7 29. Nd3 bxa4 30. bxa4 Bf8 31. Qa1 c5 32. Qa2 f3 33. gxf3 Qc6 34. Qc4 Kc7 35. f4 a5 36. Kg2 Kb6 37. fxg5 hxg5 38. Ne5 Qd6 39. Qb5+ Kc7 40. Qxa5+ Kb7 41. Qb5+ Kc7 42. Nc4 Qf4 43. Qb6+ Kd7 44. Qb7+ Ke8 45. Ne3 Bd6 46. Ng4 Bc7 47. Qc6+ Kd8 48. Qxe6 1-0

[Event "Osterskan op"]
[Site "Osterskan"]
[Date "1994.??.??"]
[Round "?"]
[White "Eriksson, Jorgen"]
[Black "Minnullin, Albert"]
[Result "0-1"]
[WhiteElo "2205"]
[BlackElo "2280"]
[PlyCount "108"]
[EventDate "1994.??.??"]
[EventType "swiss"]
[EventRounds "7"]
[EventCountry "SWE"]
[SourceTitle "TD"]
[Source "ChessBase"]
[SourceDate "1994.03.01"]
[SourceVersion "1"]
[SourceVersionDate "1994.03.01"]
[SourceQuality "1"]

1. d4 d6 2. Nf3 Bg4 3. c4 Nd7 4. Nc3 e5 5. g3 Bxf3 6. exf3 exd4 7. Qxd4 Ne5 8. Bg2 Nc6 9. Qd1 g6 10. 0-0 Bg7 11. Re1+ Nge7 12. Nd5 0-0 13. Bg5 f6 14. Bd2 Nxd5 15. cxd5 Ne7 16. Bc3 Qd7 17. f4 c5 18. dxc6 bxc6 19. Rxe7 Qxe7 20. Bxc6 Rac8 21. f5 Kh8 22. Qf3 gxf5 23. b4 a6 24. a4 d5 25. Qxd5 Qe4 26. Qxe4 fxe4 27. b5 axb5 28. axb5 f5 29. Bxg7+ Kxg7 30. f3 exf3 31. Kf2 f4 32. Ra7+ Kh6 33. g4 Rcd8 34. h4 Rd2+ 35. Kxf3 Rd3+ 36. Kf2 Rd4 37. Kf3 Kg6 38. Be4+ Kf6 39. g5+ Ke5 40. Re7+ Kd6 41. Ra7 Re8 42. Ra6+ Kc5 43. Bxh7 Re3+ 44. Kg4 Rg3+ 45. Kh5 f3 46. Rf6 Rh3 47. Rf5+ Kb6 48. g6 Rdxh4+ 49. Kg5 Rh5+ 50. Kg4 Rxf5 51. g7 Rg5+ 52. Kxh3 Rxg7 53. Be4 f2 54. Bd3 Rg1 0-1

[Event "Osterskan op"]
[Site "Osterskan"]
[Date "1994.??.??"]
[Round "?"]
[White "Minnullin, Albert"]
[Black "Bator, Robert"]
[Result "0-1"]
[WhiteElo "2280"]
[BlackElo "2405"]
[PlyCount "64"]
[EventDate "1994.??.??"]
[EventType "swiss"]
[EventRounds "7"]
[EventCountry "SWE"]
[SourceTitle "TD"]
[Source "ChessBase"]
[SourceDate "1994.03.01"]
[SourceVersion "1"]
[SourceVersionDate "1994.03.01"]
[SourceQuality "1"]

1. e4 c5 2. Nc3 Nc6 3. Bc4 e6 4. Nge2 Nf6 5. Nf4 Nxe4 6. Nxe4 d5 7. Bb5 dxe4 8. Bxc6+ bxc6 9. Qe2 Bd6 10. Qxe4 0-0 11. d3 Qc7 12. Nh5 f5 13. Qc4 Rb8 14. a3 Kh8 15. Rb1 f4 16. Bd2 e5 17. f3 Qe7 18. Bc3 Be6 19. Qa4 Qg5 20. g4 fxg3 21. Nxg3 Qe3+ 22. Kd1 Bd5 23. Re1 Bxf3+ 24. Ne2 Bh5 25. Qh4 Qh6 26. Qg3 Rf3 27. Qg1 c4 28. Bd2 Qf6 29. Kc1 cxd3 30. Ng3 dxc2 31. Nxh5 cxb1Q+ 32. Kxb1 Qf5+ 0-1

[Event "Osterskan op"]
[Site "Osterskan"]
[Date "1994.??.??"]
[Round "?"]
[White "Minnullin, Albert"]
[Black "Hector, Jonny"]
[Result "1/2-1/2"]
[WhiteElo "2280"]
[BlackElo "2530"]
[PlyCount "118"]
[EventDate "1994.??.??"]
[EventType "swiss"]
[EventRounds "7"]
[EventCountry "SWE"]
[SourceTitle "TD"]
[Source "ChessBase"]
[SourceDate "1994.03.01"]
[SourceVersion "1"]
[SourceVersionDate "1994.03.01"]
[SourceQuality "1"]

1. e4 e5 2. Nf3 Nc6 3. Bb5 Bb4 4. c3 Ba5 5. Na3 Bb6 6. Nc4 d6 7. d4 exd4 8. Nxb6 axb6 9. cxd4 d5 10. 0-0 Nge7 11. e5 0-0 12. h3 h6 13. g4 Ng6 14. Bd3 Nh4 15. Bb1 f5 16. exf6 Qxf6 17. Nxh4 Qxh4 18. Qd3 Rf6 19. a4 Be6 20. Ra3 Raf8 21. f4 Bxg4 22. hxg4 Qxg4+ 23. Qg3 Qxg3+ 24. Rxg3 Nxd4 25. Re1 Ne6 26. Bg6 Ra8 27. f5 Nf8 28. b3 Nxg6 29. fxg6 c5 30. Re7 Raf8 31. Ba3 Rf1+ 32. Kh2 R8f2+ 33. Rg2 Rxg2+ 34. Kxg2 Rf6 35. Re8+ Rf8 36. Rxf8+ Kxf8 37. a5 bxa5 38. Bxc5+ Ke8 39. Kf3 b5 40. Kf4 a4 41. bxa4 bxa4 42. Kf5 h5 43. Kg5 d4 44. Bxd4 Kf8 45. Kxh5 a3 46. Bc5+ Kg8 47. Bxa3 Kh8 48. Kg5 Kg8 49. Kf5 Kh8 50. Ke6 Kg8 51. Ke7 Kh8 52. Bc1 Kg8 53. Bg5 Kh8 54. Bf6 Kg8 55. Bh4 Kh8 56. Bg5 Kg8 57. Bf6 gxf6 58. Ke6 Kg7 59. Kf5 Kg8 1/2-1/2

[Event "Osterskan op"]
[Site "Osterskan"]
[Date "1994.??.??"]
[Round "?"]
[White "Minnullin, Albert"]
[Black "Poley, Vladimir"]
[Result "1/2-1/2"]
[WhiteElo "2280"]
[BlackElo "2395"]
[PlyCount "27"]
[EventDate "1994.??.??"]
[EventType "swiss"]
[EventRounds "7"]
[EventCountry "SWE"]
[SourceTitle "TD"]
[Source "ChessBase"]
[SourceDate "1994.03.01"]
[SourceVersion "1"]
[SourceVersionDate "1994.03.01"]
[SourceQuality "1"]

1. d4 Nf6 2. c4 c6 3. Nc3 d5 4. cxd5 cxd5 5. Nf3 Nc6 6. Bf4 e6 7. e3 Bd6 8. Bxd6 Qxd6 9. Be2 0-0 10. 0-0 Bd7 11. Qd2 Rfc8 12. Rfc1 h6 13. Nb5 Qe7 14. Ne5 1/2-1/2